Balkan Countries- Sudden Death - Statistics

General Stats
  • This quiz has been taken 68 times
  • The average score is 9 of 12
Answers on the Grid
Answers color-coded by a green-red scale on the quiz's grid according to % correct below.
Albania
Greece
Montenegro
Bulgaria
Türkiye
North Macedonia
Croatia
Serbia
Bosnia and Herzegovina
Slovenia
Kosovo
Romania
Georgia
Armenia
Azerbaijan
Slovakia
Estonia
Malta
Latvia
Belarus
Lithuania
Italy
San Marino
Andorra
Spain
Portugal
Algeria
Tunisia
Eritrea
Lebanon
 
Answer Stats
Answer % Correct
Albania
89%
Bosnia and Herzegovina
86%
Croatia
82%
Kosovo
82%
Montenegro
82%
Serbia
82%
Bulgaria
80%
North Macedonia
80%
Greece
77%
Slovenia
68%
Romania
64%
Türkiye
45%
No matching quizzes found
Score Distribution
Percent of People with Each Score
Percentile by Number Answered
Your Score History
You have not taken this quiz